Name the Top 20 Countries by GDP - Statistics

General Stats
  • This quiz has been taken 26 times
  • The average score is 14 of 20
Answer Stats
Hint Answer % Correct
89,600 United States
100%
75,880 Belgium
83%
84,760 Denmark
83%
73,550 Germany
83%
147,880 Ireland
79%
152,390 Luxembourg
79%
84,040 Netherlands
79%
106,690 Norway
79%
97,660 Switzerland
79%
74,850 Austria
75%
80,470 Iceland
75%
201,110 Liechtenstein
75%
122,280 Qatar
75%
156,970 Singapore
75%
74,670 Saudi Arabia
67%
84,400 United Arab Emirates
67%
82,890 San Marino
58%
94,470 Brunei
50%
78,710 Malta
46%
94,258 Guyana
8%
No matching quizzes found
Score Distribution
Percent of People with Each Score
Percentile by Number Answered
Your Score History
You have not taken this quiz